000 00772nam a22002177a 4500
005 20100810141120.0
010 _aENG-99212
020 _c78.00
035 _aEN-82744
037 _bDBAD/PUB
082 _a519.2
100 _aSeelan, N. Sathya
_910123
245 _aProobability and statistics /
_cby N. Sathya Seelan
260 _aTiruchirappalli
_bR.J. Publishing House
_c2008
270 _a169. Darul Hikma, J.K. Nagar , Khajamalai
_bTiruchirappalli
_e620023
300 7 _a70p.
_c20cm (pbk)
650 _aProbabilities
_910124
650 _aMathematical statistics
_910125
942 _2ddc
_cEN
_h519.2
_mSEE
999 _c40664
_d40664